Creating the Kingdom of Ends

Αποθηκεύτηκε σε:
Λεπτομέρειες βιβλιογραφικής εγγραφής
Κύριος συγγραφέας: Korsgaard, Christine M (Συγγραφέας)
Μορφή: Άγνωστο
Έκδοση: Cambridge, United Kingdom. Cambridge University Press, 1996
Θέματα:
Ετικέτες: Προσθήκη ετικέτας
Δεν υπάρχουν, Καταχωρήστε ετικέτα πρώτοι!

MARC

LEADER 00000 a2200000 4500
003 CL-VaPUC
005 20241127084745.0
008 211123b1996 ||||| |||| 00| 0 eng d
999 |c 434085  |d 434083 
020 |a 978-0521499620 
040 |c Pontificia Universidad Católica de Valparaíso 
082 |a 170.92 KOR 1996  |2 22 
100 |a Korsgaard, Christine M  |e author  |9 864477 
245 |a Creating the Kingdom of Ends 
260 |a Cambridge, United Kingdom.  |b Cambridge University Press,  |c 1996 
300 |a 442 páginas  
583 |k Cristina María Rojas Aguilar  |c 20211123 
600 0 |a Kant, Immanuel,  |d 1724-1804  |9 858687 
650 0 |a Ética  |9 255099 
942 |2 ddc  |c BK 
952 |0 0  |1 0  |2 ddc  |4 0  |6 170_920000000000000_KOR_1996  |7 0  |8 A  |9 579366  |a BIBEDU  |b BIBEDU  |d 2021-11-22  |e 1  |g 29038.80  |i 562715K  |l 1  |o 170.92 KOR 1996  |p 562715K  |r 2023-09-20  |s 2023-08-22  |t 1  |v 29038.80  |w 2021-11-22  |y BK  |k FIL